Bad Bunny Charting Songs (Billboard Hot Latin) - Statistics

General Stats
  • This quiz has been taken 123 times
    104 since last reset
  • The average score is 56 of 141
Answer Stats
Album Weeks On Peak Artist(s) Song % Correct
Non-Album Single 26 Weeks #2 Tainy, Bad Bunny & Julieta Venegas Lo Siento BB:/
100%
X 100pre 52 Weeks #1 Bad Bunny ft. Drake MIA
91%
El Último Tour del Mundo 78 Weeks #1 Bad Bunny & Jhay Cortez DAKITI
88%
Oasis 35 Weeks #1 J Balvin & Bad Bunny La Cancion
80%
Un Verano Sin Ti 10 Weeks #1 Bad Bunny & Chencho Corleone Me Porto Bonito
76%
Un Verano Sin Ti 40 Weeks #2 Bad Bunny & Tainy Callaita
74%
Non-Album Single 52 Weeks #1 Nio Garcia, Darell, Casper Magico, Bad Bunny, Nicky Jam & Ozuna Te Bote
72%
YHLQMDLG 26 Weeks #4 Bad Bunny, Jowell & Randy & Nengo Flow Safaera
70%
Un Verano Sin Ti 10 Weeks #4 Bad Bunny & Rauw Alejandro Party
67%
El Último Tour del Mundo 35 Weeks #2 Bad Bunny & ROSALIA LA NOCHE DE ANOCHE
66%
Un Verano Sin Ti 10 Weeks #7 Bad Bunny & Jhay Cortez Tarot
66%
YHLQMDLG 20 Weeks #6 Bad Bunny & Daddy Yankee La Santa
63%
Un Verano Sin Ti 10 Weeks #7 Bad Bunny & Bomba Estereo Ojitos Lindos
63%
YHLQMDLG 26 Weeks #1 Bad Bunny Si Veo a Tu Mama
63%
Un Verano Sin Ti 10 Weeks #2 Bad Bunny Titi Me Pregunto
63%
Non-Album Single 26 Weeks #4 Nio Garcia, J Balvin & Bad Bunny AM
60%
Mala Santa 34 Weeks #3 Becky G ft. Bad Bunny Mayores
60%
Un Verano Sin Ti 10 Weeks #1 Bad Bunny Moscow Mule
59%
Un Verano Sin Ti 10 Weeks #5 Bad Bunny Efecto
58%
Epico 35 Weeks #3 Lunay, Daddy Yankee & Bad Bunny Soltera
58%
X 100pre 26 Weeks #12 Bad Bunny ft. El Alfa La Romana
57%
Famouz 41 Weeks #4 Jhay Cortez, J Balvin & Bad Bunny No Me Conoce
57%
Un Verano Sin Ti 10 Weeks #15 Bad Bunny & Buscabulla Andrea
56%
Un Verano Sin Ti 10 Weeks #12 Bad Bunny & Tony Dize La Corriente
56%
Un Verano Sin Ti 10 Weeks #11 Bad Bunny Neverita
56%
Un Verano Sin Ti 10 Weeks #20 Bad Bunny Un Verano Sin Ti
56%
Non-Album Single 34 Weeks #1 Aventura & Bad Bunny Volvi
56%
YHLQMDLG 27 Weeks #2 Bad Bunny Yo Perreo Sola
55%
Oasis 26 Weeks #2 J Balvin & Bad Bunny Que Pretendes
53%
YHLQMDLG 20 Weeks #3 Bad Bunny & Sech Ignorantes
52%
YHLQMDLG 26 Weeks #2 Bad Bunny La Dificil
52%
El Último Tour del Mundo 21 Weeks #8 Bad Bunny BOOKER T
51%
Un Verano Sin Ti 10 Weeks #3 Bad Bunny Despues De La Playa
51%
YHLQMDLG 20 Weeks #18 Bad Bunny & Mora Una Vez
51%
Oasis 3 Weeks #23 J Balvin & Bad Bunny ft. Marciano Cantero Un Peso
51%
Non-Album Single 48 Weeks #1 Bad Bunny Yonaguni
51%
Las que no iban a salir 26 Weeks #7 Jhay Cortez & Bad Bunny Como Se Siente
49%
Un Verano Sin Ti 10 Weeks #17 Bad Bunny & The Marias Otro Atardecer
49%
YHLQMDLG 28 Weeks #1 Bad Bunny Vete
49%
Non-Album Single 20 Weeks #7 Mora, Bad Bunny & Sech Volando
49%
YHLQMDLG 20 Weeks #11 Bad Bunny & Yaviah Bichiyal
48%
Un Verano Sin Ti 10 Weeks #24 Bad Bunny Agosto
47%
Las que no iban a salir 23 Weeks #13 Yandel & Bad Bunny Cancion Con Yandel
47%
Un Verano Sin Ti 10 Weeks #16 Bad Bunny Dos Mil 16
47%
Un Verano Sin Ti 10 Weeks #17 Bad Bunny Un Coco
47%
Emmanuel 20 Weeks #4 Anuel AA & Bad Bunny Hasta Que Dios Diga
45%
El Último Tour del Mundo 7 Weeks #15 Bad Bunny 120
44%
YHLQMDLG 10 Weeks #13 Bad Bunny & Anuel AA Esta Cabron Ser Yo
44%
YHLQMDLG 4 Weeks #22 Bad Bunny, Duki & Pablo Chill-E Hablamos Manana
44%
X 100pre 10 Weeks #27 Bad Bunny Otra Noche En Miami
43%
El Conejo Malo 26 Weeks #19 Bad Bunny Soy Peor
43%
José and Future Nostalgia: The Moonlight Edition 26 Weeks #1 J Balvin, Dua Lipa, Bad Bunny & Tainy UN DIA (ONE DAY)
43%
Un Verano Sin Ti 10 Weeks #6 Bad Bunny Un Ratito
43%
Las que no iban a salir 10 Weeks #13 Bad Bunny & Nicky Jam Bad Con Nicky
42%
TrapXficante 27 Weeks #5 Farruko, Nicki Minaj, Bad Bunny, 21 Savage & Rvssian Krippy Kush
42%
YHLQMDLG 3 Weeks #20 Bad Bunny <3
42%
Un Verano Sin Ti 10 Weeks #8 Bad Bunny Yo No Soy Celoso
42%
X 100pre 20 Weeks #21 Bad Bunny ft. Diplo 200 MPH
41%
Un Verano Sin Ti 10 Weeks #19 Bad Bunny El Apagon
41%
Un Verano Sin Ti 10 Weeks #22 Bad Bunny Ensename a Bailar
41%
Non-Album Single 26 Weeks #8 DJ Luian & Mambo Kingz Presentan: Bad Bunny, J Balvin & Prince Royce Sensualidad
41%
Un Verano Sin Ti 10 Weeks #15 Bad Bunny Aguacero
40%
Unstoppable 26 Weeks #10 Karol G ft. Bad Bunny Ahora Me Llama
40%
X 100pre 20 Weeks #24 Bad Bunny Si Estuviesemos Juntos
40%
YHLQMDLG 8 Weeks #14 Bad Bunny & Nengo Flow Que Malo
40%
El Último Tour del Mundo 7 Weeks #14 Bad Bunny & ABRA SORRY PAPI
40%
El Último Tour del Mundo 26 Weeks #4 Bad Bunny TE MUDASTE
40%
YHLQMDLG 11 Weeks #14 Bad Bunny 25/8
38%
Non-Album Single 20 Weeks #10 Bad Bunny Amorfoda
38%
Las que no iban a salir 10 Weeks #11 Bad Bunny & Don Omar Pa' Romperla
38%
YHLQMDLG 10 Weeks #12 Bad Bunny Solia
38%
YHLQMDLG 3 Weeks #21 Bad Bunny & Myke Towers Puesto Pa Guerrial
37%
Legendaddy 16 Weeks #5 Daddy Yankee & Bad Bunny X Ultima Vez
37%
El Último Tour del Mundo 14 Weeks #5 Bad Bunny YO VISTO ASI
37%
Las que no iban a salir 12 Weeks #6 Bad Bunny Bye Me Fui
36%
El Último Tour del Mundo 20 Weeks #6 Bad Bunny HACIENDO QUE ME AMAS
36%
El Último Tour del Mundo 8 Weeks #12 Bad Bunny LA DROGA
36%
Un Verano Sin Ti 10 Weeks #21 Bad Bunny Me Fui de Vacaciones
36%
X 100pre 23 Weeks #8 Bad Bunny Ni Bien Ni Mal
36%
YHLQMDLG 5 Weeks #19 Bad Bunny, Kendo Kaponi & Arcangel P FKN R
36%
X 100pre 20 Weeks #14 Bad Bunny Caro
35%
El Último Tour del Mundo 6 Weeks #9 Bad Bunny EL MUNDO ES MIO
35%
Las que no iban a salir 2 Weeks #33 Bad Bunny ft. Gabriela En Casita
35%
El Último Tour del Mundo 18 Weeks #8 Bad Bunny HOY COBRE
35%
Oasis 5 Weeks #16 J Balvin & Bad Bunny Mojaita
35%
YHLQMDLG 14 Weeks #8 Bad Bunny Pero Ya No
35%
Non-Album Single 22 Weeks #20 Mambo Kingz & DJ Luian Presenta Arcangel X Bad Bunny Tu No Vive Asi
35%
YHLQMDLG 20 Weeks #15 Bad Bunny A Tu Merced
34%
Oasis 2 Weeks #33 J Balvin, Bad Bunny & Mr. Eazi Como Un Bebe
34%
Non-Album Single 4 Weeks #45 Bad Bunny, Khea, Duki & Cazzu Loca
34%
X 100pre 20 Weeks #6 Bad Bunny Solo de Mi
34%
X 100pre 1 Week #48 Bad Bunny Como Antes
33%
YHLQMDLG 8 Weeks #15 Bad Bunny La Zona
33%
Las que no iban a salir 4 Weeks #15 Bad Bunny & Zion & Lennox Mas de Una Cita
33%
Oasis 2 Weeks #29 J Balvin & Bad Bunny Odio
33%
Non-Album Single 5 Weeks #9 Bad Bunny & Luar La L 100 Millones
31%
Final 21 Weeks #8 Enrique Iglesias ft. Bad Bunny El Bano
31%
Non-Album Single 18 Weeks #5 Marc Anthony, Will Smith & Bad Bunny Esta Rico
31%
X 100pre 1 Week #50 Bad Bunny RLNDT
31%
Non-Album Single 21 Weeks #20 Almighty, Ozuna, Bad Bunny & Wisin Solita
31%
X 100pre 2 Weeks #42 Bad Bunny Tenemos Que Hablar
30%
X 100pre 21 Weeks #9 Bad Bunny Estamos Bien
29%
X 100pre 2 Weeks #44 Bad Bunny Ser Bichote
29%
El Último Tour del Mundo 10 Weeks #7 Bad Bunny TE DESEO LO MEJOR
28%
El Último Tour del Mundo 3 Weeks #17 Bad Bunny TRELLAS
28%
El Disco Duro 20 Weeks #11 Daddy Yankee & Bad Bunny Vuelve
28%
Oasis 8 Weeks #18 J Balvin & Bad Bunny Yo Le Llego
28%
El Último Tour del Mundo 7 Weeks #16 Bad Bunny ANTES QUE SE ACABE
27%
Las que no iban a salir 3 Weeks #18 Bad Bunny Bendiciones
27%
Gangalee 9 Weeks #25 Farruko & Bad Bunny La Cartera
27%
Las que no iban a salir 3 Weeks #20 Bad Bunny Si Ella Sale
27%
Non-Album Single 6 Weeks #24 Residente & Bad Bunny Bellacoso
26%
Non-Album Single 2 Weeks #33 Bad Bunny x Myke Towers Estamos Arriba
26%
El Último Tour del Mundo 8 Weeks #11 Bad Bunny MALDITA POBREZA
26%
La Oscuridad 4 Weeks #35 Bryant Myers & Bad Bunny Triste
26%
Emmanuel 2 Weeks #14 Anuel AA & Bad Bunny Asi Soy Yo
24%
ARES 8 Weeks #28 Arcangel & Bad Bunny Original
24%
Non-Album Single 17 Weeks #25 Natti Natasha & Bad Bunny Amantes de Una Noche
23%
Non-Album Single 23 Weeks #14 Cosculluela + Bad Bunny Madura
23%
X 100pre 3 Weeks #39 Bad Bunny Cuando Perriabas
22%
Oasis 4 Weeks #26 J Balvin & Bad Bunny Cuidao Por Ahi
22%
Update 20 Weeks #29 Yandel ft. Bad Bunny Explicale
22%
Non-Album Single 20 Weeks #27 Bad Bunny x Jory Boy No Te Hagas
22%
Las que no iban a salir 3 Weeks #29 Bad Bunny Ronca Freestyle
22%
Non-Album Single 9 Weeks #8 Bad Bunny De Museo
21%
Todo Es Diferente 18 Weeks #16 Natanael Cano & Bad Bunny Soy El Diablo
21%
Non-Album Single 11 Weeks #12 JLo & Bad Bunny Te Guste
21%
Non-Album Single 7 Weeks #21 Revol, J Balvin & Bad Bunny ft. Arcangel & De La Ghetto Dime
20%
Non-Album Single 26 Weeks #14 J Balvin ft. Bad Bunny Si Tu Novio Te Deja Sola
19%
Non-Album Single 15 Weeks #28 Arcangel x Bad Bunny Me Acostumbre
19%
Non-Album Single 2 Weeks #39 Pacho El Antifeka, Daddy Yankee & Bad Bunny Como Soy
17%
Pausa 2 Weeks #35 Ricky Martin, Residente & Bad Bunny Cantalo
16%
Non-Album Single 4 Weeks #34 Alex Sensation & Bad Bunny Fantasia
16%
Non-Album Single 1 Week #35 Nicky Jam, Bad Bunny & Arcangel Satisfaccion
16%
Trap Capos: Season 2 1 Week #47 Noriel / Trap Capos ft. Bad Bunny & Arcangel De Las 2
14%
Non-Album Single 10 Weeks #25 Bad Bunny Dime Si Te Acuerdas
13%
Non-Album Single 1 Week #48 Bad Bunny & Farruko ft. DJ Luian & Mambo Kings Blockia
12%
Non-Album Single 6 Weeks #34 Anuel AA & Bad Bunny La Ultima Vez
12%
Non-Album Single 8 Weeks #33 Arcangel & Bad Bunny Infeliz
10%
Non-Album Single 3 Weeks #38 Bad Bunny No Metes Cabra
1%
Non-Album Single 20 Weeks #26 Bad Bunny Chambea (Wooo!)
0%
No matching quizzes found
Score Distribution
Percent of People with Each Score
Percentile by Number Answered
Your Score History
You have not taken this quiz since the last reset